000 00388cam a22001217a 4500
008 180718b1965 xxu||||| |||| 00| 0 eng d
082 _aA81x54 In2/61/14/Pt 2 C/2
100 _aCensus of India 1961
245 _aRajasthan: migration tables
260 _aDelhi
_bThe Manager of Publications
_c1965
300 _a509+p.
440 _aCensus of India 1961. Volume XIV, Rajasthan. Part II-C (ii)
999 _c484558
_d484558